00338nam a22001457a 4500020001800000082001400018100001700032245002800049250001300077260003200090300001000122650002000132650002500152650001500177 a9789353904098 aM3bVIN/P aVinoy Thomas aPuttu/cby Vinoy Thomas a10th ed. aKottayam:bDC Books,c2025. a382p. aNovel Malayalam aLiterature Malayalam aLiterature